000 01422cam a2200337 a 4500
001 14682209
003 OSt
005 20140310182301.0
008 061228s2006 nyu j 000 0ceng
010 _a 2006287841
020 _a0439848350 (pbk.)
020 _a9780439848350 (pbk.)
040 _aDLC
_beng
_cDLC
_dDLC
042 _apcc
050 0 0 _aPZ 7
_b.L566 2004
082 0 4 _aFIC L53f
_b2004
100 1 _aZullo, Allan.
_914501
245 1 4 _aSpy kids:
_cAllan Zullo.
260 _aNew York :
_bScholastic Inc.,
_cc2006.
300 _a147 p. :
_c20 cm.
490 0 _aTen true tales
505 0 _aCarolina heroine -- Texas rat -- Newsboy -- Rebel Joan of Arc -- Slave boy -- Boy martyr -- Boy scout -- School girl -- Peasant girl -- Hungry orphan.
650 0 _aSpies
_vBiography
_vJuvenile literature.
_920621
650 0 _aEspionage
_xHistory
_vJuvenile literature.
_920622
650 0 _aChildren and war
_vJuvenile literature.
_920623
650 0 _aYouth and war
_vJuvenile literature.
_920624
906 _a7
_bcbc
_corigres
_d2
_encip
_f20
_gy-gencatlg
942 _2lcc
_cBK-FIC
999 _c11566
_d11566